Statistiques concernant Questions Harry Potter - Hard Version

Cliquez ici pour prendre le quiz!

Statistiques générales

  • Ce quiz a été pris 59 fois
  • Le résultat moyen est 3 sur 10

Statistiques - réponses

QuestionRéponse% Correct
Qui est l’esprit frappeur de Poudlard ?Peeves
94%
Quel est le nom complet d’Albus Dumbledore ?Albus Perceval Wulfric Brian Dumbledore
63%
Qui était le cavalier de Fleur Delacour au bal de Noël ?Roger Davies
35%
Quelle forme a la cicatrice d’Albus Dumbledore ?Le plan exact du métro de Londres
33%
Qui est la propriétaire de Hokey ?Hepzibah Smith
31%
Quel est le nom de la femme de Nicolas Flamel ?Pernelle Flamel
22%
Quel nombre est inscrit à l’avant du Poudlard Express ?5972
9%
Qui a créé le premier Horcruxe ?Herpo l’Infame
6%
Qui est l’éditeur de la Gazette du Sorcier ?Barnabas Cuffe
4%
Quel était le nom du garde chasse à l’époque de Molly Weasley ?Ogg
4%

Distribution des résultats

Percentile par nombre de réponses

% des personnes avec chaque résultat

Votre développement - résultats

Vous n’avez pas pris ce quiz